Introducción a la metodología del análisis cualitativo: Panorámica de procedimientos y técnicas /
Uloženo v:
| Hlavní autor: | |
|---|---|
| Médium: | Text |
| Jazyk: | Spanish |
| Vydáno: |
Madrid:
Editorial síntesis;
2003.
|
| Témata: | |
| Tagy: |
Přidat tag
Žádné tagy, Buďte první, kdo vytvoří štítek k tomuto záznamu!
|
MARC
| LEADER | 00000 a a2200000 04500 | ||
|---|---|---|---|
| 001 | 28541 | ||
| 003 | cru IIS/CIDCACS | ||
| 005 | 20230525154902.0 | ||
| 008 | 230525s2003 sp ||||| |||| 00| 0 spa d | ||
| 020 | |a 84-7738-449-5 | ||
| 040 | |a Centro de Recursos para el Aprendizaje y la Investigación |c cru IIS/CIDCACS | ||
| 090 | |a 18.03.01 V185t | ||
| 100 | |a Valles, Miguel S | ||
| 245 | |a Introducción a la metodología del análisis cualitativo: |b Panorámica de procedimientos y técnicas / |c Miguel S. Valles. | ||
| 260 | |a Madrid: |b Editorial síntesis; |c 2003. | ||
| 300 | |a páginas 339-400. | ||
| 650 | |a INVESTIGACION SOCIAL | ||
| 650 | |a TEORIA | ||
| 650 | |a METODOLOGIA | ||
| 650 | |a METODOS DE INVESTIGACION | ||
| 650 | |a RECOPILACION DE DATOS | ||
| 650 | |a ANALISIS DE CONTENIDO | ||
| 650 | |a ANALISIS DE LA INFORMACION | ||
| 650 | |a CLASIFICACION | ||
| 650 | |a PROCESAMIENTO ELECTRONICO DE DATOS | ||
| 852 | 1 | 1 | |a 18.03.01 V185t |
| 942 | |2 ddc |c LI |h 18.03.01 V185t |k 18.03.01 |m V185t |6 180301_V185T | ||
| 999 | |c 14124 |d 14124 | ||
| 773 | 0 | |0 1314 |9 9040 |a Valles, Miguel S |d Madrid: Síntesis; 2003. |o 01791 |t Técnicas cualitativas de investigación: |w (cru IIS/CIDCACS)28532 |z 84-7738-449-5 | |



